Roblox Pressure Quiz - Statistics

General Stats
  • This quiz has been taken 829 times
  • The average score is 12 of 21
Answer Stats
Description Color Entity % Correct
The most common entity that could kill you but is easiest to avoid if you hide or stay out of sight. Grey Angler
98%
Same as the one above but quicker and less reaction time. Lights will flicker twice. Blueish-grey Blitz
91%
Also the same as the one above but this one is slower and the lights dont flicker. Pink(duh) Pinkie
91%
This one is the most slowest entity in the game, making the player wait to hide from it. Emits green smoke and chains coming from its mouth. Green Chain-smoker
88%
This one is rarer than other entities, does not destroy the lights, and zooms slowly through the room. This entity also causes a small minigame when the player is hiding. If the player is not hiding while this entity is active, the entity will rush straight towards the player and kill them, even if they are far enough away from it. The only way to avoid this entity if the player is not hiding is to stay out of sight. Black and grey Pandemonium
85%
Same as the first one but this one rebounds 1.5 times. Orange Frogger
78%
Forces the players vision towards its self and tries to kill the player. Has different colors if you flash this entity a few times. Green, Red, and purple Eyefestation
72%
Appears half way though the game and offers the players items to buy. Will hurt the player severely if they flash this entity once and instantly on the second flash. (No Specific Color) Sebastian
71%
Can spawn almost in any room and kills the player instantly if the player does not look behind them constantly. Green and white. Wall-dweller
67%
Can spawn up to 2-3 times in a room. Severely damages the player if they are not careful on which door they choose to open. Red Good People
66%
Appears twice during gameplay. Can kill the player if they are in the glowing area for too long. Orange Searchlights
62%
Only appears in dark rooms. Can damage or kill the player potentially if they have lights flashed on them or if the player is too close. Black and white Squiddles
60%
This entity can be only spawned by the devs of Pressure. Has the same minigame as the one listed 6th above but is way longer than usual. Purple Death Angel
57%
Also extremely rare and is also extremely fast. This entity came from many other Roblox games. Red A-60
55%
This one teleports the player to last room opened and damages the player a bit. Appears secretly in the sebastian cutscene if the player some how dies to this entity. Green and Black Mr. Lopee
49%
Extremely rare entity and can only spawn when a new door is opened. White Styx
41%
Same as the very first entity in the game but this one doesnt kill the player and just mimics the sound as the first one. Light Blue Mirage
37%
Spawn rate is random for this one but can kill the player if they are in sight for too long. (No Specific Color) Turrets
12%
Does not kill the player but instead tries to scare the player. Multiple Abstract Art
11%
Very noticeable in lockers and can kill the player if they hide in the strange looking locker. Purple Void-Puddles
8%
Almost never appears during gameplay but can instantly kill the player if they don't watch where they going. Blue Trenchbleeders
7%
No matching quizzes found
Score Distribution
Percent of People with Each Score
Percentile by Number Answered
Your Score History
You have not taken this quiz